000 00829nam a2200301Ia 4500
003 OSt
005 20220912150944.0
006 a|||||r|||| 00| 0
007 ta
008 220909b |||||||| |||| 00| 0 eng d
020 _a8121507642 (hbd)
024 _a5011
037 _bMunshriam,
037 _cTextual
040 _aCSL
_beng
_cCSL
041 _aeng
082 _aY:1:(Vv), N7
100 _aKrishna Daya
245 0 _aProlegomena to any future historiography of cultures and civilizations by Daya Krishna
260 _aNew Delhi
_b PHISPC Publications
_c1997
300 _axi, 241p
500 _aIndex 235-241p
650 _a Cultures
650 _a Historiography
650 _aSociology
942 _hY:1:(Vv), N7
_cTEXL
_2CC
999 _c58118
_d58118